[Event "Aeroflot Open B 2017"]
[Site "masterchessopen.com Moscow RUS"]
[Date "2017.02.25"]
[Round "5.34"]
[White "Sargsyan,Shant"]
[Black "Gharibyan,Mamikon"]
[Result "1-0"]
[WhiteElo "2399"]
[BlackElo "2280"]

1.d4 Nf6 2.c4 e6 3.Nf3 b6 4.g3 Ba6 5.Qa4 Bb7 6.Bg2 c5 7.dxc5 Bxc5 8.O-O O-O
9.Nc3 Na6 10.e4 Be7 11.e5 Nc5 12.Qc2 Nfe4 13.Bf4 Nxc3 14.Qxc3 Qc7 15.Rad1 Rfd8
16.Qd4 Ne4 17.Nd2 Nxd2 18.Rxd2 Bxg2 19.Kxg2 Rac8 20.b3 Qc5 21.Rfd1 Qxd4
22.Rxd4 Rc7 23.h4 h5 24.Kf3 Kf8 25.g4 hxg4+ 26.Kxg4 Ke8 27.h5 Rc5 28.Bg3 f6
29.f4 f5+ 30.Kh3 Rc6 31.Bh4 Rc7 32.Bxe7 Kxe7 33.Kh4 Rh8 34.Kg5 Rb7 35.Rd6 Rc7
36.b4 Rb7 37.a4 Rc7 38.b5 Rd8 39.R1d4 Rb7 40.Kg6 Rh8 41.a5 bxa5 42.c5 a4 43.c6
Rh6+ 44.Kxg7 {#r} 1-0

[Event "Aeroflot Open B 2017"]
[Site "masterchessopen.com Moscow RUS"]
[Date "2017.02.25"]
[Round "5.38"]
[White "Ivanov,Ol UKR"]
[Black "Zhu,Yi"]
[Result "1-0"]
[WhiteElo "2482"]
[BlackElo "2317"]

1.e4 c5 2.Nf3 d6 3.d4 cxd4 4.Nxd4 Nf6 5.Nc3 a6 6.a3 g6 7.f3 Bg7 8.Be3 O-O
9.Qd2 Nc6 10.O-O-O Bd7 11.h4 b5 12.Nd5 Rc8 13.Kb1 Nxd5 14.exd5 Nxd4 15.Bxd4
Bf5 16.Rc1 Bxd4 17.Qxd4 Qc7 18.Qd2 e5 19.g4 Bd7 20.h5 Be8 21.Bd3 Qe7 22.Qh6
Rc7 23.Rh3 Qf6 24.Rch1 Re7 25.g5 Qh8 26.hxg6 fxg6 27.Bxg6 Bxg6 28.Qxg6+ Qg7
29.Qxd6 Qxg5 30.Rxh7 Rxh7 31.Rxh7 Kxh7 32.Qxf8 Qg1+ 33.Ka2 Qd4 34.Qf7+ Kh8
35.Qh5+ Kg7 36.Qg4+ {#r} 1-0

[Event "Aeroflot Open B 2017"]
[Site "masterchessopen.com Moscow RUS"]
[Date "2017.02.25"]
[Round "5.41"]
[White "Basencyan,M"]
[Black "Kakageldyev,A"]
[Result "0-1"]
[WhiteElo "2191"]
[BlackElo "2374"]

1.d4 g6 2.e4 Bg7 3.Nc3 d6 4.Be3 c6 5.Qd2 Nd7 6.Nf3 Ngf6 7.Bh6 Bxh6 8.Qxh6 Qa5
9.Bd3 Qh5 10.Qd2 Qa5 11.Qh6 Qh5 12.Qd2 Qa5 13.O-O O-O 14.e5 dxe5 15.Qg5 Kg7
16.dxe5 Ng8 17.Ne4 Nc5 18.e6 f5 19.Nxc5 Qxc5 20.Rae1 Qd6 21.Re5 Bxe6 22.Rfe1
Rf6 23.h4 Raf8 24.h5 Bd5 25.Qf4 Bxf3 26.Qxf3 Qb4 27.b3 b5 28.c4 a6 29.R1e2 Rd8
30.Re6 Rxe6 31.Rxe6 Rd6 32.Qe3 Rxe6 33.Qxe6 Qd6 34.Qe3 Nf6 35.Bc2 bxc4 36.bxc4
c5 37.h6+ {#R} 0-1

[Event "Aeroflot Open B 2017"]
[Site "masterchessopen.com Moscow RUS"]
[Date "2017.02.25"]
[Round "5.43"]
[White "Yeletsky,Ivan"]
[Black "Paramzina,A"]
[Result "1-0"]
[WhiteElo "2369"]
[BlackElo "2220"]

1.d4 Nf6 2.c4 e6 3.Nc3 Bb4 4.e3 d5 5.Nf3 O-O 6.Bd3 c5 7.O-O Nc6 8.cxd5 exd5
9.dxc5 Bxc5 10.h3 a6 11.b3 d4 12.exd4 Nxd4 13.Bb2 Ne6 14.Ne4 Be7 15.Qc2 Nd5
16.Nc3 Nf6 17.Rad1 Qa5 18.Rfe1 Kh8 19.Qb1 b5 20.Ne4 Nd5 21.Ng3 Nc3 22.Bxc3
Qxc3 23.Bxh7 g6 24.Bxg6 fxg6 25.Ne5 Nf4 26.Re3 Qc5 27.Nxg6+ Nxg6 28.Qxg6 Ra7
29.Qh6+ Kg8 30.Ne4 Qf5 31.Rg3+ Kf7 32.Rf3 Qxf3 33.gxf3 Rg8+ 34.Kf1 Rg6 35.Qh7+
Rg7 36.Qh5+ Kf8 37.Nd6 Bxd6 38.Rxd6 Bd7 39.Rf6+ {#r} 1-0

[Event "Aeroflot Open B 2017"]
[Site "masterchessopen.com Moscow RUS"]
[Date "2017.02.25"]
[Round "5.51"]
[White "Narva,M"]
[Black "Mammadova,G"]
[Result "1-0"]
[WhiteElo "2241"]
[BlackElo "2401"]

1.e4 g6 2.d4 Bg7 3.Nc3 d6 4.f4 Nf6 5.Nf3 O-O 6.Bd3 Nc6 7.O-O Bg4 8.e5 dxe5
9.dxe5 Nd5 10.h3 Bxf3 11.Qxf3 Ndb4 12.Be4 f5 13.Bxc6 Nxc6 14.Be3 e6 15.Rad1
Qe7 16.Na4 Rfd8 17.Nc5 Qe8 18.Nxb7 Rdb8 19.Nc5 Rxb2 20.Rd7 Rb6 21.Rfd1 Rc8
22.Qf2 Nb8 23.R7d3 g5 24.Qg3 gxf4 25.Qxf4 Kh8 26.Qh4 Nc6 27.Rd7 Qg8 28.Rxg7
Qxg7 29.Rd7 Qg6 30.Bg5 Rb1+ 31.Kh2 Rb4 32.Bf6+ Kg8 33.Qf2 Re8 34.Rg7+ Qxg7
35.Bxg7 Kxg7 36.Qd2 Re7 37.Qg5+ Kf8 38.Qf6+ Rf7 39.Nxe6+ Ke8 40.Ng7+ Kf8
41.Qxc6 Rb6 42.Qe8+ Kxg7 43.e6 Rf8 44.Qd7+ {#r} 1-0

[Event "Aeroflot Open B 2017"]
[Site "masterchessopen.com Moscow RUS"]
[Date "2017.02.25"]
[Round "5.54"]
[White "Koepke,C"]
[Black "Assaubayeva,Bibisara"]
[Result "1-0"]
[WhiteElo "2317"]
[BlackElo "2177"]

1.e4 c5 2.Nf3 d6 3.d4 cxd4 4.Nxd4 Nf6 5.Nc3 a6 6.Be3 e5 7.Nb3 Be6 8.f3 Nbd7
9.Qd2 b5 10.O-O-O Be7 11.g4 O-O 12.g5 b4 13.Ne2 Ne8 14.f4 a5 15.f5 a4 16.fxe6
axb3 17.cxb3 fxe6 18.Bh3 Nc7 19.Kb1 d5 20.exd5 exd5 21.Bg2 Ra5 22.h4 Qb8
23.Rhf1 d4 24.Rxf8+ Nxf8 25.Bg1 Qa7 26.Nc1 Ng6 27.Rf1 Ne6 28.Be4 Ngf4 29.Bh2
Bc5 30.Bd3 Qa8 31.Bc4 Kh8 32.Bxe6 Nxe6 33.Bxe5 Be7 34.Re1 Qf3 35.Nd3 {#r} 1-0

[Event "Aeroflot Open B 2017"]
[Site "masterchessopen.com Moscow RUS"]
[Date "2017.02.25"]
[Round "5.57"]
[White "Savitskiy,S"]
[Black "Sabirov,Temirjan"]
[Result "1-0"]
[WhiteElo "2415"]
[BlackElo "2340"]

1.e4 Nc6 2.d4 d5 3.Nc3 dxe4 4.d5 Ne5 5.Bf4 Ng6 6.Bg3 e5 7.dxe6 Bxe6 8.Nb5 Bb4+
9.c3 Ba5 10.Qa4 c6 11.Nd6+ {#r} 1-0

[Event "WCh Women 2017"]
[Site "masterchessopen.com Tehran IRI"]
[Date "2017.02.25"]
[Round "5.3"]
[White "Harika,D"]
[Black "Tan Zhongyi"]
[Result "1-0"]
[WhiteElo "2539"]
[BlackElo "2502"]

1.e4 g6 2.d4 Bg7 3.Nc3 a6 4.f4 d6 5.Nf3 Nd7 6.Bc4 e6 7.f5 Nb6 8.Bb3 exf5 9.O-O
Ne7 10.Bg5 O-O 11.Qe1 h6 12.Qh4 Re8 13.Bxh6 d5 14.e5 Nd7 15.Ng5 Bxh6 16.Qxh6
Nf8 17.Rf4 {#r} 1-0

[Event "Graz Open A 2017"]
[Site "masterchessopen.com Graz AUT"]
[Date "2017.02.25"]
[Round "8.12"]
[White "Gundavaa,B"]
[Black "Freitag,Ma"]
[Result "1-0"]
[WhiteElo "2479"]
[BlackElo "2393"]

1.e4 e6 2.d4 d5 3.Nc3 Nf6 4.Bg5 dxe4 5.Nxe4 Be7 6.Bxf6 gxf6 7.Nf3 f5 8.Nc3 a6
9.g3 b5 10.Bg2 Bb7 11.O-O O-O 12.Qe2 c5 13.Rad1 Qc7 14.Rfe1 cxd4 15.Nxd4 Bxg2
16.Kxg2 Bf6 17.Qf3 Bxd4 18.Qxa8 Bxc3 19.bxc3 Qxc3 20.Qf3 Qxc2 21.a3 Qc4 22.Rc1
Qd4 23.Rc7 a5 24.Rb7 b4 25.Rd1 Qc5 26.a4 Qc2 27.Rd6 Qxa4 28.Qf4 Qe8 29.Qg5+
Kh8 30.Qf6+ Kg8 31.Re7 Qc8 32.Qg5+ Kh8 33.Rxf7 Rxf7 34.Rd8+ Qxd8 35.Qxd8+ Kg7
36.Qxb8 Rd7 37.Qe5+ {#r} 1-0

[Event "Graz Open A 2017"]
[Site "masterchessopen.com Graz AUT"]
[Date "2017.02.25"]
[Round "8.14"]
[White "Jarmula,L"]
[Black "Chylewski,Patryk"]
[Result "1-0"]
[WhiteElo "2475"]
[BlackElo "2055"]

1.e4 e5 2.Nf3 Nc6 3.d4 exd4 4.Nxd4 Bb4+ 5.c3 Bc5 6.Be3 Bb6 7.Nf5 Qf6 8.Na3
Nge7 9.Nb5 Kd8 10.Qd2 Bxe3 11.Nxe3 d6 12.Bc4 Be6 13.O-O Kc8 14.f4 Rd8 15.Nd5
Bxd5 16.exd5 Na5 17.Be2 a6 18.Na3 b6 19.Nc2 Nb7 20.Nd4 Nc5 21.b4 Nd7 22.Bg4 h5
23.Bxh5 Kb7 24.g4 g6 25.g5 Qh8 26.Bg4 Nf8 27.Rae1 Re8 28.Re3 Ng8 29.Rfe1 Rxe3
30.Rxe3 Qh4 31.Rg3 Re8 32.Qd3 f5 33.Be2 b5 34.Nxb5 Qxf4 35.Nd4 Qc1+ 36.Bf1 Qa3
37.Nc6 Re1 38.Re3 {#r} 1-0

[Event "Graz Open A 2017"]
[Site "masterchessopen.com Graz AUT"]
[Date "2017.02.25"]
[Round "8.15"]
[White "Kvetny,M"]
[Black "Istratescu,A"]
[Result "0-1"]
[WhiteElo "2379"]
[BlackElo "2599"]

1.c4 Nf6 2.Nc3 c5 3.Nf3 Nc6 4.d4 cxd4 5.Nxd4 e6 6.Bf4 d6 7.Ndb5 e5 8.Bg5 a6
9.Bxf6 gxf6 10.Na3 f5 11.g3 Be6 12.Bg2 e4 13.O-O h5 14.h4 Rc8 15.Nd5 Bg7
16.Rb1 Ne7 17.Nf4 Ng6 18.Nd5 Ne7 19.Nf4 d5 20.cxd5 Nxd5 21.Nxe6 fxe6 22.Nc2
Qb6 23.e3 Qc5 24.Nd4 Bxd4 25.exd4 Qc2 26.f3 Rg8 27.fxe4 Qxd1 28.Rbxd1 Ne3
29.Rc1 Rxc1 30.Rxc1 Rxg3 31.Kf2 Rxg2+ 32.Kxe3 Rxb2 33.exf5 exf5 34.Rc7 b5
35.a4 bxa4 36.Rc4 a3 37.Kf4 Rf2+ 38.Kg5 Kd7 39.Ra4 a2 40.Rxa6 Kc7 41.d5 Kb7
42.Ra3 f4 43.d6 f3 44.d7 Rg2+ 45.Kf5 f2 46.Rf3 Rg8 {#R} 0-1

[Event "Graz Open A 2017"]
[Site "masterchessopen.com Graz AUT"]
[Date "2017.02.25"]
[Round "8.17"]
[White "Nguyen,Thai Dai Van"]
[Black "Cerovic,D"]
[Result "1-0"]
[WhiteElo "2434"]
[BlackElo "2346"]

1.e4 e6 2.d4 d5 3.Nd2 Be7 4.Bd3 c5 5.dxc5 Nf6 6.Qe2 O-O 7.Ngf3 a5 8.O-O Na6
9.e5 Nd7 10.c4 Ndxc5 11.Bb1 b6 12.Rd1 Bb7 13.b3 Qc7 14.Bb2 Rad8 15.Nd4 Rd7
16.a3 Rfd8 17.Bc2 Qb8 18.Bc3 Rc7 19.b4 axb4 20.axb4 Nd7 21.Nb5 Nxb4 22.Bxb4
Bxb4 23.Nxc7 Qxc7 24.Nf3 dxc4 25.Be4 Bxe4 26.Qxe4 Bf8 27.Ng5 g6 28.Qf4 Nxe5
29.Rxd8 Qxd8 30.Qxe5 Bg7 31.Qf4 Bf6 32.Qf3 {#r} 1-0

[Event "Graz Open A 2017"]
[Site "masterchessopen.com Graz AUT"]
[Date "2017.02.25"]
[Round "8.19"]
[White "Akesson,R"]
[Black "Ivic,Velimir"]
[Result "1-0"]
[WhiteElo "2420"]
[BlackElo "2286"]

1.d4 Nf6 2.c4 g6 3.Nc3 Bg7 4.e4 d6 5.f3 O-O 6.Be3 c5 7.dxc5 dxc5 8.Qxd8 Rxd8
9.Bxc5 Nc6 10.Be3 b6 11.Rc1 Bb7 12.Nh3 Nd7 13.Nf4 Nc5 14.Be2 Nd4 15.Kf2 f5
16.b4 Na6 17.a3 Nb3 18.Rc2 Nd4 19.Rd2 g5 20.Nfd5 Nxe2 21.Nxe2 f4 22.Bd4 e6
23.b5 Nc5 24.Bxc5 bxc5 25.Ne7+ Kf8 26.Rxd8+ Rxd8 27.Nc6 Bxc6 28.bxc6 Rc8 29.h4
h6 30.hxg5 hxg5 31.Rh5 Bf6 32.e5 Bxe5 33.Rxg5 Bd6 34.Rg4 Rxc6 35.Nxf4 Kf7
36.Nh3 Be5 37.Ng5+ Kf6 38.Ne4+ Kf7 39.Rg5 Bd4+ 40.Kg3 e5 41.Kg4 Ra6 42.Kf5
Rxa3 43.Rh5 Kg7 44.Nf6 e4 45.Rh7+ Kf8 46.fxe4 Ra2 47.e5 Re2 48.Rxa7 {#r} 1-0

[Event "Graz Open A 2017"]
[Site "masterchessopen.com Graz AUT"]
[Date "2017.02.25"]
[Round "8.20"]
[White "Sipila,V"]
[Black "Krstulovic,Alex"]
[Result "1-0"]
[WhiteElo "2418"]
[BlackElo "2294"]

1.Nf3 d5 2.g3 Nf6 3.Bg2 c6 4.O-O Bg4 5.d3 e6 6.Nbd2 Be7 7.Ne1 Bh5 8.h3 e5 9.g4
Bg6 10.Nef3 Nbd7 11.Nh4 Qc7 12.e4 dxe4 13.dxe4 O-O 14.Nf5 Nc5 15.Qe2 Ne6
16.Nf3 Bc5 17.c3 Rfd8 18.Ne1 Qd7 19.Nf3 Qc7 20.b4 Bb6 21.Bd2 a5 22.a3 c5
23.bxa5 Rxa5 24.Qc4 Rda8 25.a4 Qd7 26.Rfb1 Rxa4 27.Rxa4 Rxa4 28.Qb3 Bc7
29.Ne7+ Kf8 30.Nxg6+ hxg6 31.Ng5 Nxg5 32.Bxg5 b5 33.Qxb5 Qxb5 34.Rxb5 Rc4
35.Bd2 Bd6 36.Ra5 Nxe4 37.Be1 Ng5 38.Bd2 Ne4 39.Be1 Ng5 40.Bd5 Rf4 41.Kg2 e4
42.Ra8+ Ke7 43.Ra7+ Kd8 44.Bd2 Nxh3 45.Be3 Rxg4+ 46.Kxh3 f5 47.Bc6 {#r} 1-0

[Event "Graz Open A 2017"]
[Site "masterchessopen.com Graz AUT"]
[Date "2017.02.25"]
[Round "8.21"]
[White "Rathnakaran,K"]
[Black "Niemi,M"]
[Result "1-0"]
[WhiteElo "2407"]
[BlackElo "2253"]

1.e4 g6 2.d4 Bg7 3.Nc3 d6 4.Be3 a6 5.Qd2 Nd7 6.Nf3 b5 7.a4 b4 8.Nd5 c5 9.dxc5
dxc5 10.Bf4 Bxb2 11.Bc7 Bc3 12.Qxc3 bxc3 13.Bxd8 Kxd8 14.Ng5 Nh6 15.O-O-O Rb8
16.f4 e6 17.Nxc3 Ke7 18.Be2 Rb4 19.Rd3 Nb6 20.a5 Nc4 21.Rh3 Ng8 22.Bxc4 Rxc4
23.Re3 Nf6 24.h3 Bb7 25.Rhe1 Rd8 26.Nf3 Rb4 27.g4 Nd7 28.g5 Nb8 29.Ne5 Nc6
30.Nd3 Rc4 31.Nd5+ Ke8 32.Nb6 Rcd4 33.Nxc5 Nxa5 34.Ra3 Rb4 35.Nbd7 Nc4 36.Rb3
Rxb3 37.cxb3 Na5 38.Nf6+ Ke7 39.b4 Rc8 40.Kb1 Rc7 41.Rc1 {#r} 1-0

[Event "Graz Open A 2017"]
[Site "masterchessopen.com Graz AUT"]
[Date "2017.02.25"]
[Round "8.22"]
[White "Barle,J"]
[Black "Gazik,Viktor"]
[Result "0-1"]
[WhiteElo "2301"]
[BlackElo "2403"]

1.Nc3 c5 2.Nf3 g6 3.d4 cxd4 4.Qxd4 Nf6 5.e4 Nc6 6.Qa4 d6 7.e5 dxe5 8.Nxe5 Bd7
9.Nxd7 Qxd7 10.Bb5 Qe6+ 11.Kf1 Bg7 12.Bf4 O-O 13.Re1 Qf5 14.Bd3 Qh5 15.h3 Rad8
16.g4 Nxg4 17.Be4 Nge5 18.Ne2 Nf3 19.Ng3 Qh4 20.Bxf3 Rd4 21.Qa3 Rxf4 22.Bxc6
Bxb2 23.Qxb2 Qxg3 24.c3 bxc6 25.Rxe7 Rd8 26.Re1 Qf3 27.Rh2 Rc4 28.Qb7 Rxc3
29.Qxa7 Rcd3 30.Rg2 Rd1 {#R} 0-1

[Event "Graz Open A 2017"]
[Site "masterchessopen.com Graz AUT"]
[Date "2017.02.25"]
[Round "8.28"]
[White "Blohberger,Felix"]
[Black "Christiansen,Johan-Sebastian"]
[Result "0-1"]
[WhiteElo "2295"]
[BlackElo "2432"]

1.Nf3 d5 2.d4 Nf6 3.c4 e6 4.g3 dxc4 5.Qa4+ Nbd7 6.Bg2 a6 7.Qxc4 b5 8.Qc2 Bb7
9.O-O c5 10.dxc5 Bxc5 11.e3 Rc8 12.Qe2 Qb6 13.b3 O-O 14.Bb2 Rfd8 15.Nc3 Bb4
16.Rfc1 Qa5 17.Nb1 Rxc1+ 18.Bxc1 Nc5 19.Bb2 Nce4 20.a3 Be7 21.a4 b4 22.Bd4 Bd5
23.Ne5 Qc7 24.Qxa6 Qc2 25.Qf1 Bc5 26.f3 Bxb3 27.fxe4 Rxd4 28.exd4 Bxd4+ 29.Kh1
Bxe5 30.Qb5 h5 31.Na3 Qc3 32.Rb1 bxa3 33.Rxb3 a2 34.Rxc3 a1=Q+ {#R} 0-1

[Event "Graz Open A 2017"]
[Site "masterchessopen.com Graz AUT"]
[Date "2017.02.25"]
[Round "8.29"]
[White "Ranaldi,Lucas"]
[Black "Nitin,S"]
[Result "0-1"]
[WhiteElo "2282"]
[BlackElo "2428"]

1.d4 Nf6 2.c4 g6 3.g3 Bg7 4.Bg2 O-O 5.Nf3 d6 6.O-O Nbd7 7.Nc3 c6 8.e4 e5 9.b3
Re8 10.Be3 Ng4 11.Bg5 Qa5 12.Bd2 Qc7 13.d5 a6 14.h3 Ngf6 15.Qe2 Rb8 16.Rfc1 h6
17.Rab1 Nh7 18.b4 c5 19.a3 b6 20.Ne1 f5 21.Nd3 Ndf6 22.bxc5 bxc5 23.Rxb8 Qxb8
24.Rb1 Qc7 25.Kh2 Ng5 26.f3 Bd7 27.Nf2 Nh5 28.Qd1 Rf8 29.exf5 gxf5 30.Qb3 e4
31.f4 Nf7 32.Ncd1 Bd4 33.Qb6 Qc8 34.Ne3 Kh8 35.Bf1 Rg8 36.Nh1 Qf8 37.Be2 Nxf4
38.gxf4 Qg7 39.Nxf5 Qg2# 0-1

[Event "Graz Open A 2017"]
[Site "masterchessopen.com Graz AUT"]
[Date "2017.02.25"]
[Round "8.30"]
[White "Titan,M"]
[Black "Krysztofiak,M"]
[Result "0-1"]
[WhiteElo "2226"]
[BlackElo "2396"]

1.d4 Nf6 2.c4 e6 3.g3 d5 4.Nf3 dxc4 5.Bg2 Bd7 6.Ne5 Bc6 7.Nxc6 Nxc6 8.e3 Qd7
9.Qe2 e5 10.O-O exd4 11.exd4+ Be7 12.d5 Nxd5 13.Rd1 Qe6 14.Qxc4 Ndb4 15.Qxe6
fxe6 16.Nc3 Rd8 17.Rxd8+ Nxd8 18.a3 Nc2 19.Rb1 c6 20.Bf4 Nf7 21.Bb8 a6 22.Ba7
e5 23.Rd1 Nd6 24.Rd2 Ne1 25.Bh1 Rf8 26.Bb8 Nc4 27.Re2 Nd3 28.Be4 Ndxb2 29.Bxh7
Bxa3 30.Bxe5 Nxe5 31.Rxe5+ Kd7 32.Rg5 Rf7 33.h4 b5 34.Ne4 Re7 35.f3 Nc4
36.Bf5+ Kc7 37.h5 a5 38.h6 gxh6 39.Rg6 Ne5 40.Rxh6 Nxf3+ 41.Kg2 Nd4 42.Bg6
{#R} 0-1

[Event "Graz Open A 2017"]
[Site "masterchessopen.com Graz AUT"]
[Date "2017.02.25"]
[Round "8.32"]
[White "Szotkowski,J"]
[Black "Risting,Eivind Olav"]
[Result "1-0"]
[WhiteElo "2390"]
[BlackElo "2268"]

1.Nf3 d5 2.c4 d4 3.g3 Nc6 4.Bg2 e5 5.d3 Nf6 6.O-O a5 7.Bg5 Be7 8.Bxf6 Bxf6
9.Nbd2 O-O 10.a3 Be7 11.Qc2 a4 12.Rfb1 Re8 13.b4 axb3 14.Rxb3 Ra7 15.Qb1 Bf8
16.Ne1 Qf6 17.Nc2 Qh6 18.Nf3 Na5 19.Rb2 c5 20.Nfe1 Bg4 21.e4 Bc8 22.Qd1 Ra6
23.Rab1 Qf6 24.Bf3 Qe6 25.Qd2 Be7 26.Bd1 Qg6 27.Ng2 Nc6 28.Rb6 Ra7 29.Bf3 Bd8
30.R6b5 Qd6 31.Qe2 b6 32.Bg4 Ba6 33.R5b2 g6 34.h4 h5 35.Bh3 Kg7 36.Rf1 Rae7
37.Kh2 f5 38.exf5 e4 39.fxg6 exd3 40.Qxd3 Ne5 41.Qd1 Bxc4 42.Nce3 dxe3 43.Qxd6
Bc7 44.Qxe7+ Rxe7 45.Nxe3 Nf3+ 46.Kh1 Bxf1 47.Nf5+ Kf8 48.Bxf1 Re5 49.g7+ Kf7
50.Bc4+ {#r} 1-0

[Event "Graz Open A 2017"]
[Site "masterchessopen.com Graz AUT"]
[Date "2017.02.25"]
[Round "8.36"]
[White "Brokken,D"]
[Black "Kowalski,Igor"]
[Result "1-0"]
[WhiteElo "2365"]
[BlackElo "2221"]

1.d4 Nf6 2.c4 e6 3.Nc3 Bb4 4.e3 O-O 5.Ne2 Re8 6.a3 Bf8 7.e4 d6 8.g3 Nbd7 9.Bg2
c5 10.O-O a6 11.f4 cxd4 12.Nxd4 Qc7 13.Qe2 Nb6 14.b3 d5 15.e5 Nfd7 16.Be3 dxc4
17.b4 a5 18.Ndb5 Qb8 19.Rab1 axb4 20.axb4 Be7 21.Rfd1 f6 22.Qg4 f5 23.Qh5 g6
24.Qe2 Ra6 25.Nd6 Bxd6 26.Rxd6 Nd5 27.Nxd5 Rxd6 28.exd6 exd5 29.Bxd5+ Kf8
30.Re1 Qxd6 31.Qxc4 b6 32.Bc6 Re6 33.Ba4 Bb7 34.Rd1 Qxd1+ 35.Bxd1 Rxe3 36.Qd4
Re7 37.Qh8+ Kf7 38.Bb3+ {#r} 1-0

[Event "9th Batavia GM 2017"]
[Site "masterchessopen.com Amsterdam NED"]
[Date "2017.02.25"]
[Round "2.2"]
[White "Leenhouts,K"]
[Black "Cheng,Bo"]
[Result "0-1"]
[WhiteElo "2487"]
[BlackElo "2453"]

1.d4 d5 2.c4 e6 3.Nc3 Be7 4.cxd5 exd5 5.Bf4 c6 6.Qc2 Nf6 7.e3 Nh5 8.Bg3 Nd7
9.Bd3 g6 10.Nge2 Nxg3 11.hxg3 Kf8 12.O-O-O Kg7 13.f3 b5 14.Rh2 Nb6 15.Rdh1 b4
16.Bxg6 fxg6 17.Nf4 Qd6 18.Nce2 c5 19.Rh6 Bd7 20.e4 cxd4 21.Qd2 dxe4 22.Nxd4
Nc4 23.Qf2 Bg5 24.Rd1 Bxf4+ 25.gxf4 Qxf4+ 26.Kb1 Kxh6 27.Ne2 Qf6 {#R} 0-1

[Event "9th Batavia GM 2017"]
[Site "masterchessopen.com Amsterdam NED"]
[Date "2017.02.25"]
[Round "2.3"]
[White "Lai,Hing Ting"]
[Black "Brink,B"]
[Result "0-1"]
[WhiteElo "2392"]
[BlackElo "2309"]

1.d4 Nf6 2.Bg5 d5 3.e3 Nbd7 4.Nf3 e6 5.Nbd2 Be7 6.Bd3 c5 7.c3 b6 8.Ne5 Nxe5
9.dxe5 Nd7 10.Bf4 Qc7 11.Nf3 Bb7 12.Qe2 h6 13.h4 O-O-O 14.O-O-O Kb8 15.Kb1 c4
16.Bc2 Nc5 17.Nd4 a6 18.h5 b5 19.Bh2 Ka8 20.f4 Qb6 21.f5 a5 22.Rhf1 b4 23.Ka1
b3 24.Bb1 bxa2 25.Bxa2 Ba6 26.fxe6 fxe6 27.Rf7 Rd7 28.Rxg7 a4 29.Rg6 Rb7 30.e4
a3 31.exd5 Na4 32.bxa3 Nxc3 33.Qd2 Bxa3 {#R} 0-1

[Event "77th Noteboom Open"]
[Site "masterchessopen.com Leiden NED"]
[Date "2017.02.25"]
[Round "2.1"]
[White "Fedorchuk,S"]
[Black "Tabak,S"]
[Result "1-0"]
[WhiteElo "2623"]
[BlackElo "2261"]

1.e4 d6 2.d4 g6 3.Nc3 c6 4.Be3 Qc7 5.Qd2 Bg7 6.h4 h5 7.O-O-O b5 8.Kb1 Nd7
9.Nh3 Nb6 10.Bd3 Bxh3 11.Rxh3 Nf6 12.f3 Nc4 13.Bxc4 bxc4 14.Qe2 d5 15.g4 e6
16.Bg1 Qa5 17.Bh2 Nd7 18.Qe1 Kd8 19.Bd6 a6 20.Qd2 Ra7 21.a3 Rb7 22.Bb4 Qc7
23.Na4 Kc8 24.Ka2 Bh6 25.Qe1 Bg7 26.e5 Rb5 27.Bd6 Qb7 28.Rb1 Qa7 29.Qe3 Bh6
30.Qc3 Bf8 31.Bxf8 Nxf8 32.b3 cxb3+ 33.cxb3 Kd7 34.Rc1 Qa8 35.Rh2 g5 36.hxg5
h4 37.f4 Ng6 38.f5 Ne7 39.Nc5+ Rxc5 {#r} 1-0

[Event "77th Noteboom Open"]
[Site "masterchessopen.com Leiden NED"]
[Date "2017.02.25"]
[Round "2.2"]
[White "Pruijssers,R"]
[Black "Vroombout,E"]
[Result "1-0"]
[WhiteElo "2496"]
[BlackElo "2163"]

1.e4 e6 2.d4 d5 3.Nd2 Nf6 4.e5 Nfd7 5.Bd3 c5 6.c3 Nc6 7.Ne2 cxd4 8.cxd4 f6
9.exf6 Nxf6 10.Nf3 Bd6 11.O-O Qc7 12.Nc3 a6 13.Bd2 O-O 14.Rc1 Qb8 15.h3 Kh8
16.Na4 Qa7 17.Be3 Nd8 18.Qb3 b5 19.Nc5 Nf7 20.Ne5 Qb8 21.f4 Qb6 22.a4 b4 23.g4
Ra7 24.a5 Qxa5 25.Nc6 Qb6 26.Nxa7 Qxa7 27.Qxb4 Qe7 28.Qd2 Bxc5 29.dxc5 e5
30.Rce1 Qc7 31.fxe5 Nxe5 32.Bd4 Nc6 33.Qf4 {#r} 1-0

[Event "77th Noteboom Open"]
[Site "masterchessopen.com Leiden NED"]
[Date "2017.02.25"]
[Round "2.3"]
[White "Sekandar,K"]
[Black "Pijpers,A"]
[Result "0-1"]
[WhiteElo "2186"]
[BlackElo "2445"]

1.e4 e6 2.d4 d5 3.exd5 exd5 4.Bf4 Bd6 5.Qd2 Nf6 6.Bd3 O-O 7.Ne2 Ne4 8.Bxe4
dxe4 9.c4 Bxf4 10.Nxf4 Nc6 11.Nd5 b5 12.Nbc3 bxc4 13.O-O Be6 14.Nf4 Qxd4
15.Qxd4 Nxd4 16.Rfd1 Rfd8 17.Nxe4 Bf5 18.Nc3 c6 19.Ncd5 cxd5 20.Rxd4 Rab8
21.Nxd5 Be6 22.Rad1 Rxd5 23.Rxd5 Bxd5 24.Rxd5 c3 25.Rd1 cxb2 26.Rb1 Rc8 {#R}
0-1

[Event "77th Noteboom Open"]
[Site "masterchessopen.com Leiden NED"]
[Date "2017.02.25"]
[Round "2.4"]
[White "Admiraal,M"]
[Black "Verhoef,Pieter"]
[Result "1-0"]
[WhiteElo "2441"]
[BlackElo "2121"]

1.e4 e5 2.Bc4 Nf6 3.d3 c6 4.Nf3 d5 5.Bb3 Bd6 6.exd5 cxd5 7.Bg5 Be6 8.Nc3 d4
9.Ne4 Bxb3 10.Bxf6 gxf6 11.axb3 Nc6 12.Nh4 Bb4+ 13.Kf1 Be7 14.Nf5 Qd7 15.Nfd6+
Kf8 16.Qh5 Qe6 17.Nf5 h6 18.h4 Nb4 19.Rh3 Nxc2 20.Rc1 Rc8 21.Kg1 Nb4 22.Rc4 b5
23.Rxb4 Bxb4 24.Rg3 Qc6 25.Qg4 Ke8 26.Qg7 Rf8 27.Nxf6+ Kd8 28.Ne4 Qe6 29.Nxd4
exd4 30.Qxd4+ Qd7 31.Qxb4 Re8 32.Nf6 Rc1+ 33.Kh2 Qe7 34.Qd4+ Kc8 35.Nxe8 {#r}
1-0

[Event "77th Noteboom Open"]
[Site "masterchessopen.com Leiden NED"]
[Date "2017.02.25"]
[Round "3.1"]
[White "Wantola,I"]
[Black "Fedorchuk,S"]
[Result "0-1"]
[WhiteElo "2315"]
[BlackElo "2623"]

1.d4 Nf6 2.Bg5 e6 3.Nf3 d6 4.e4 h6 5.Bxf6 Qxf6 6.Nc3 g5 7.e5 dxe5 8.Nxe5 Bg7
9.Be2 Nd7 10.Nb5 Qd8 11.Nxd7 Bxd7 12.c3 O-O 13.O-O Qc8 14.Kh1 Rd8 15.f4 gxf4
16.Rxf4 e5 17.Rf3 Be6 18.Rg3 Kh8 19.Bg4 f5 20.Bh3 c6 21.Qh5 cxb5 22.Rg6 Qd7
23.Rf1 Re8 24.d5 Bxd5 25.Bxf5 Rf8 26.h3 Qe7 27.Rd1 Rxf5 28.Qxf5 Rf8 29.Qg4 Bc6
30.Rdd6 Rf1+ 31.Kh2 Qf8 32.Qg3 Be4 33.Rxh6+ Bxh6 34.Qxe5+ Bg7 35.Rh6+ Bh7
36.Qd5 {#R} 0-1

[Event "77th Noteboom Open"]
[Site "masterchessopen.com Leiden NED"]
[Date "2017.02.25"]
[Round "4.1"]
[White "Fedorchuk,S"]
[Black "De Jong,M"]
[Result "1-0"]
[WhiteElo "2623"]
[BlackElo "2327"]

1.e4 e6 2.d4 d5 3.Bd3 c5 4.exd5 exd5 5.Nf3 c4 6.Be2 a6 7.b3 b5 8.Ne5 f6 9.Ng4
Bd6 10.Ne3 Ne7 11.Bf3 cxb3 12.axb3 Be6 13.c4 bxc4 14.bxc4 O-O 15.O-O Ra7
16.cxd5 Bf7 17.Bd2 Nd7 18.Ba5 Qb8 19.g3 Bb4 20.Qa4 Bxa5 21.Qxa5 Rc8 22.Nc3 Qb6
23.Qa3 Nf8 24.d6 Nc6 25.Ncd5 Qd8 26.Nf5 Ng6 27.Rfe1 Kh8 28.Nde7 Ngxe7 29.dxe7
Qg8 30.Rac1 Rac7 31.Rxc6 Rxc6 32.Bxc6 Rxc6 33.Nd6 {#r} 1-0

[Event "77th Noteboom Open"]
[Site "masterchessopen.com Leiden NED"]
[Date "2017.02.25"]
[Round "4.2"]
[White "Van den Berg,B"]
[Black "Pijpers,A"]
[Result "0-1"]
[WhiteElo "2217"]
[BlackElo "2445"]

1.e4 e6 2.d4 d5 3.e5 c5 4.c3 Nc6 5.Nf3 Qb6 6.a3 f6 7.Bd3 fxe5 8.dxe5 c4 9.Bc2
g6 10.O-O Nge7 11.Qe2 Bg7 12.Be3 Qc7 13.Bf4 O-O 14.g3 b5 15.Re1 Nf5 16.Nbd2
Bb7 17.Nf1 d4 18.Bxf5 Rxf5 19.cxd4 Ne7 20.Ne3 Qc6 21.d5 Nxd5 22.Nd4 Nxf4
23.Nxc6 Nxe2+ 24.Rxe2 Bxc6 25.Nxf5 gxf5 {#R} 0-1

[Event "77th Noteboom Open"]
[Site "masterchessopen.com Leiden NED"]
[Date "2017.02.25"]
[Round "4.3"]
[White "Clemens,A"]
[Black "Straver,R"]
[Result "1-0"]
[WhiteElo "2211"]
[BlackElo "2122"]

1.d4 f5 2.g3 Nf6 3.Bg2 g6 4.Nf3 Bg7 5.O-O O-O 6.b3 d6 7.Bb2 c6 8.c4 Qe8 9.Qc2
Na6 10.a3 Nc7 11.Nbd2 Bd7 12.Rac1 Rc8 13.Rfe1 Ng4 14.e4 f4 15.d5 fxg3 16.hxg3
cxd5 17.Bxg7 Kxg7 18.exd5 Qf7 19.Qb2+ Kg8 20.Qd4 b6 21.Re2 Rce8 22.Rce1 h6
23.Bh3 Nf6 24.Bxd7 Nxd7 25.Qh4 Qf6 26.Qxh6 Rf7 27.Re6 Nxe6 28.dxe6 Rh7 29.exd7
Rf8 30.Qg5 Qf7 31.Re4 Rh5 32.Qxe7 {#r} 1-0